Las reformas teológicas de 1883 ante el país i la historia

Saved in:
Bibliographic Details
Corporate Author: Asamblea Católica de 8 de julio de 1883 (Author)
Format: Book
Language:Spanish
Published: Santiago Imprenta Victoria, de H. zquierdo i Ca., calle de San Diego, 73 1884
Edition:1a. ed
Subjects:
Tags: Add Tag
No Tags, Be the first to tag this record!

MARC

LEADER 00000nam a2200000 a 4500
001 UCJ6173
003 CL-VaPUC
008 070124e18840000CL |||||||||||||||||spa|d
082 0 4 |a 983  |b ASA  |2 21 
110 2 |a Asamblea Católica de 8 de julio de 1883  |e author  |9 512547 
245 1 4 |a Las reformas teológicas de 1883 ante el país i la historia 
250 |a 1a. ed 
300 |a xii, 519 p 
942 |c BK 
945 |d 20070124 00:00:00  |a rinostro 
260 |a Santiago  |b Imprenta Victoria, de H. zquierdo i Ca., calle de San Diego, 73  |c 1884 
500 |a 4§.- h. en b.- Port.- v. en b 
600 0 7 |a SANTA MARIA, DOMINGO VICTOR  |2 CL-VaPUC  |9 504235 
600 0 7 |a SUBERCASEAUX, ANTONIO  |2 CL-VaPUC  |9 512548 
600 0 7 |a WALKER MARTINEZ, CARLOS  |2 CL-VaPUC  |9 438546 
600 0 7 |a FERNANDEZ CONCHA, PEDRO  |2 CL-VaPUC  |9 512549 
650 7 |a REFORMAS TEOLOGICAS  |2 CL-VaPUC  |9 512550 
650 7 |a CEMENTERIOS LAICOS  |2 CL-VaPUC  |9 508371 
650 0 |a Registri civil  |9 341220 
650 0 |a Matrimonio civil  |9 385406 
650 0 |a Presidentes de Chile  |9 268293 
650 0 |a Iglesia y Estado  |9 254995 
650 0 |a Prensa y periodismo   |z Chile  |9 504409 
650 7 |a DOCUMENTOS  |2 CL-VaPUC  |9 366450 
583 |a last modification  |c 20070124 00:00:00  |k Rodrigo Vera 
999 |c 322281  |d 322279 
952 |0 0  |1 0  |4 0  |6 983_000000000000000_ASA_1884  |7 0  |8 X  |9 401241  |a FDOBUD  |b FDOBUD  |d 2019-11-22  |i 104477K  |o 983 ASA 1884  |p 104477K  |r 2019-11-22  |w 2019-11-22  |y BK_X  |k BUD